Normal view
MARC view
- PRO-ENGINEER INSTRUCTOR
Entry Topical Term
001 - CONTROL NUMBER
- control field: 75930
003 - CONTROL NUMBER IDENTIFIER
- control field: NUST
005 - DATE AND TIME OF LATEST TRANSACTION
- control field: 20210628205532.0
008 - FIXED-LENGTH DATA ELEMENTS
- fixed length control field: 210628|| aca||aabn | a|a d
040 ## - CATALOGING SOURCE
- Original cataloging agency: NUST
- Transcribing agency: NUST
150 ## - HEADING--TOPICAL TERM
- Topical term or geographic name entry element: PRO-ENGINEER INSTRUCTOR
670 ## - SOURCE DATA FOUND
- Source citation: Work cat.: (NUST): Kelley, David S 733, Pro engineer instructor, 2001
